INSTITUTIONS DEVELOPMENT AND ECONOMIC GR (Record no. 8498)

MARC details
000 -LEADER
fixed length control field 00343nam a2200133Ia 4500
008 - FIXED-LENGTH DATA ELEMENTS--GENERAL INFORMATION
fixed length control field 240624s9999 xx 000 0 und d
041 ## - LANGUAGE CODE
Language code of text/sound track or separate title eng
082 ## - DEWEY DECIMAL CLASSIFICATION NUMBER
Classification number 338.9 EIC
100 ## - MAIN ENTRY--PERSONAL NAME
Personal name EICHER THEO S
245 ## - TITLE STATEMENT
Title INSTITUTIONS DEVELOPMENT AND ECONOMIC GR
260 ## - PUBLICATION, DISTRIBUTION, ETC.
Date of publication, distribution, etc. 2006
Place of publication, distribution, etc. London
Name of publisher, distributor, etc. MIT Press
300 ## - PHYSICAL DESCRIPTION
Extent xiv, : 293 : p. : cm. ; 23
365 ## - TRADE PRICE
Currency code
Price amount 36
Holdings
Withdrawn status Lost status Damaged status Not for loan Home library Current library Shelving location Date acquired Source of acquisition Cost, normal purchase price Full call number Barcode Date last seen Copy number Price effective from Koha item type
        IMTN IMTN Rack 13-A 03/17/2008 MM 35.00 338.9 EIC 8498 06/24/2024 41.6 06/24/2024 Books
Designed & Maintained by: LRC IMT Nagpur Contact: lrc@imtnag.ac.in© 2024. All Rights Reserved.